|
|
|
|
| LEADER |
02221nam a2200613 i 4500 |
| 001 |
nkc20203170463 |
| 003 |
CZ PrNK |
| 005 |
20200217102101.0 |
| 007 |
ta |
| 008 |
200110s2019 xr ab f 000 0 cze |
| 015 |
|
|
|a cnb003170463
|
| 020 |
|
|
|a 978-80-7458-119-9
|q (brožováno)
|
| 035 |
|
|
|a (OCoLC)1143841202
|
| 040 |
|
|
|a OLA001
|b cze
|e rda
|
| 041 |
0 |
|
|a cze
|b eng
|
| 045 |
|
|
|a x9y1
|
| 072 |
|
7 |
|a 630
|x Lesnictví
|2 Konspekt
|9 24
|
| 080 |
|
|
|a 630.8
|2 MRF
|
| 080 |
|
|
|a 630.1
|2 MRF
|
| 080 |
|
|
|a 630
|2 MRF
|
| 080 |
|
|
|a 630:001.891
|2 MRF
|
| 080 |
|
|
|a (048.8:082)
|2 MRF
|
| 100 |
1 |
|
|a Riedl, Marcel,
|d 1955-
|7 mzk2006322707
|4 aut
|
| 245 |
1 |
0 |
|a 25 let výzkumu nedřevních lesních produktů /
|c Marcel Riedl, Luděk Šišák, Roman Dudík, Vilém Jarský, Petra Palátová
|
| 246 |
3 |
|
|a Dvacet pět let výzkumu nedřevních lesních produktů
|
| 264 |
|
1 |
|a Kostelec nad Černými lesy :
|b Lesnická práce,
|c 2019
|
| 300 |
|
|
|a 80 stran :
|b barevné ilustrace, mapy ;
|c 24 cm
|
| 336 |
|
|
|a text
|b txt
|2 rdacontent
|
| 337 |
|
|
|a bez média
|b n
|2 rdamedia
|
| 338 |
|
|
|a svazek
|b nc
|2 rdacarrier
|
| 500 |
|
|
|a 500 výtisků
|
| 504 |
|
|
|a Obsahuje bibliografii
|
| 546 |
|
|
|a Anglické resumé
|
| 648 |
|
4 |
|a 1994-2019
|
| 648 |
|
7 |
|a 20.-21. století
|7 ch462155
|2 czenas
|
| 650 |
0 |
7 |
|a lesní produkty
|7 ph115118
|2 czenas
|
| 650 |
0 |
7 |
|a ekologie lesa
|7 ph119818
|2 czenas
|
| 650 |
0 |
7 |
|a lesní hospodářství
|7 ph115114
|2 czenas
|
| 650 |
0 |
7 |
|a lesnický výzkum
|7 ph137998
|y 20.-21. století
|2 czenas
|
| 650 |
0 |
9 |
|a forest products
|2 eczenas
|
| 650 |
0 |
9 |
|a forest ecology
|2 eczenas
|
| 650 |
0 |
9 |
|a forest management
|2 eczenas
|
| 650 |
0 |
9 |
|a forest research
|y 20th-21st centuries
|2 eczenas
|
| 655 |
|
7 |
|a kolektivní monografie
|7 fd501537
|2 czenas
|
| 655 |
|
9 |
|a collective monographs
|2 eczenas
|
| 700 |
1 |
|
|a Šišák, Luděk,
|d 1952-
|7 jn20010309007
|4 aut
|
| 700 |
1 |
|
|a Dudík, Roman,
|d 1975-
|7 mzk2004250880
|4 aut
|
| 700 |
1 |
|
|a Jarský, Vilém,
|d 1973-
|7 mzk2006322704
|4 aut
|
| 700 |
1 |
|
|a Palátová, Petra
|7 ola20201063405
|4 aut
|
| 910 |
2 |
|
|a BOA001
|b 2-1441.896
|
| 990 |
|
|
|a BK
|
| 995 |
|
|
|a 01
|
| 991 |
|
|
|b 202001
|c NOV
|
| 996 |
6 |
|
|b 2610812493
|c 2-1441.896
|l MZK
|r Sklad / do 1 hodiny
|n 0
|p p.v.
|w 001777488
|u 000010
|a 1
|e BOA001
|j MZK50
|s P
|